[Event "81st Georgian-ch Men 2022"]
[Site "Tbilisi"]
[Date "2022.01.28"]
[Round "4.4"]
[White "Lortkipanidze, Nodar"]
[Black "Sanikidze, Tornike"]
[Result "1-0"]
[WhiteElo "2407"]
[BlackElo "2464"]
[Annotator "TA"]
[PlyCount "61"]
[EventDate "2022.01.24"]
[EventType "tourn"]
[EventCountry "GEO"]
[SourceTitle "playchess.com"]
[Source "ChessBase"]
[SourceQuality "1"]

{[%evp 12,61,28,25,42,-15,-39,-25,-28,-59,0,0,4,-64,-60,-117,-112,-109,-104,-108,-52,-139,-17,0,-39,-25,19,-199,-189,-464,-481,-843,-823,-779,-553,-547,-158,-202,-218,-192,-166,-519,-517,-517,-234,-233,650,638,910,902,889,815]} 1. e4 d6 2. d4 g6 3. h4 Nf6 4. Nc3 Bg7 5. Be2 h5 6. Bg5 c6 7. Qd2 Qc7 {B07: Pirc Defence: Miscellaneous Systems.} 8. O-O-O (8. a4 $14) 8... Nbd7 $11 9. Nh3 b5 {Black has an edge.} 10. Bf3 {[%cal Oe4e5] [#]} Bb7 $146 (10... Rb8 $15) ({Predecessor:} 10... b4 11. Nb1 Rb8 12. Rhe1 O-O 13. Bh6 a5 14. Bxg7 Kxg7 15. e5 dxe5 16. dxe5 Nxe5 {0-1 (32) Klawa,P (2257)-Reizniece Ozola,D (2318) Germany 2010}) 11. Rhe1 {[%cal Oe4e5]} e5 12. d5 (12. Be2 $11) 12... cxd5 $15 13. Nxd5 (13. exd5 $15 a6 14. Kb1) 13... Nxd5 $17 14. exd5 Nb6 $1 15. Be2 a6 (15... Nxd5 16. Bf3 (16. Bxb5+ Kf8 $11) 16... Rc8 17. Re2 $14 (17. Kb1 Nb6 $11)) (15... O-O $1 $17 {...Rfc8 is the strong threat.} 16. Bh6 Bxd5 17. Bxg7 Kxg7 18. Bxb5 Bxg2) 16. f4 (16. Kb1 $15) 16... Bxd5 (16... Nxd5 17. Bf3 $18) (16... e4 $17 {aiming for ...Rc8.} 17. f5 gxf5) 17. fxe5 $11 dxe5 {Hoping for ...Rc8.} 18. Nf4 $1 Bxa2 {[#]} (18... exf4 19. Qb4 f6 20. Bxf4 Qxf4+ 21. Qxf4 $16) (18... Be4 $142 $1 19. Bxh5 Qxc2+ $1 20. Qxc2 Bxc2 21. Kxc2 gxh5) 19. Bf3 $2 (19. Qb4 $1 $11 Bf8 (19... Rc8 20. c3) 20. Qa5 (20. Bxb5+ axb5 21. Qxb5+ Nd7 $15)) 19... O-O $19 20. Bxa8 $2 (20. Nxg6 fxg6 21. Bxa8 Nxa8 22. Bh6) 20... exf4 (20... Rxa8 21. Bd8 Qc6 22. Bxb6 Qxb6 23. Nd5 $17) 21. Bd8 (21. b3 $142 Rxa8 22. Bxf4) 21... Nc4 {[%csl Gc4][%cal Rg7b2]} 22. c3 Qc8 23. Qd5 {[#]} Kh7 $2 (23... Nxb2 $1 $19 {[%cal Rc8c3][%mdl 512] and Black stays clearly on top.} 24. Qc6 Qxc6 25. Bxc6 Nxd1 26. Rxd1 Bxc3) 24. Bb7 $17 {[#]} Qb8 ({Weaker is} 24... Ne3 25. Qxh5+ gxh5 26. Bxc8 $15) 25. Be7 Re8 {Threatens to win with ...Bb3.} 26. Qd7 $2 (26. Qxf7 Nxb2 27. Qxa2 Nxd1 28. Qf7 Qxb7 29. Re6) 26... f3 $19 27. Bxf3 {[%cal Od7e8]} Qf4+ (27... b4 $142 28. Bxb4 Rxe1 29. Rxe1 Qf4+ 30. Kc2 Ne3+ 31. Rxe3 Qxe3) 28. Kc2 {[#]} Bb3+ $4 {[%mdl 8192]} 29. Kxb3 $18 {White is clearly winning.} Ne3 {[%csl Gb5][%cal Rf4a4] [#]} 30. Rd4 {Inhibits Qa4+.} Bxd4 (30... Rxe7 31. Qxe7) 31. Bg5 {Weighted Error Value: White=0.75/Black=0.81} ({Inferior is} 31. Qxe8 Bg7 32. Ka2 Qc4+ 33. Kb1 Qd3+ 34. Ka2 Qc4+ 35. Kb1 Qd3+ 36. Ka2 Qc4+ $11) ({Worse is} 31. Qxd4 Qxd4 32. cxd4 Rxe7 $15) 1-0

[Event "81st Georgian-ch Men 2022"]
[Site "Tbilisi"]
[Date "2022.01.28"]
[Round "4.5"]
[White "Chkhaidze, Nikoloz"]
[Black "Quparadze, Giga"]
[Result "0-1"]
[WhiteElo "2268"]
[BlackElo "2477"]
[Annotator "TA"]
[PlyCount "76"]
[EventDate "2022.01.24"]
[EventType "tourn"]
[EventCountry "GEO"]
[SourceTitle "playchess.com"]
[Source "ChessBase"]
[SourceQuality "1"]

{[%evp 10,76,29,24,26,16,19,23,19,17,25,24,34,0,0,0,0,0,0,-16,-5,-26,-21,-30,0,0,0,0,0,0,0,0,0,0,0,0,0,0,13,0,0,-3,0,0,0,0,0,0,0,-37,-41,-63,-62,-68,-68,-68,-68,-68,-61,-142,-146,-125,-133,-233,-193,-674,-197,-659,-658]} 1. d4 Nf6 2. c4 e6 3. Nf3 Bb4+ 4. Bd2 a5 5. a3 Bxd2+ 6. Qxd2 d5 {E11: Bogo-Indian.} 7. e3 O-O 8. Nc3 b6 {White has an edge.} 9. cxd5 exd5 10. Bd3 {[#]} c5 $146 ({Predecessor:} 10... Ba6 11. O-O Qe7 12. Ne5 Bxd3 13. Qxd3 c6 14. Rac1 Nfd7 15. Nf3 Ra7 16. Rfe1 Nf6 {1-0 (64) Sturt,R (2494)-Kosic,D (2417) Banja Vrujci 2021}) 11. dxc5 bxc5 12. O-O Bb7 13. Be2 Nbd7 14. b4 d4 15. exd4 axb4 16. Nb5 {[%cal Bc3b5,Bb5d6,Bd6f5,Bf5e3][%mdl 32]} Nd5 17. axb4 cxb4 18. Nd6 $1 Rxa1 19. Rxa1 Ba8 20. Ne5 N7f6 {[%cal Bd7f6,Bf6e4,Be4c3][%mdl 32]} 21. Nf5 Ne4 {Inhibits Qg5.} 22. Qe1 Nec3 {Threatens to win with ...f6.} 23. Bc4 {[#] Strongly threatening Ra7.} Qc7 {To avoid Ra7} 24. Ne3 {[%cal Oa1a8] And now Rxa8! would win.} Bb7 25. h3 Re8 26. Bxd5 Bxd5 27. Nxd5 Nxd5 28. Qe4 Rd8 29. Nd3 g6 30. Nc5 Nc3 31. Qe5 Qxe5 32. dxe5 $15 {[%mdl 4096] Endgame KRN-KRN} Rd5 {[%csl LRc5,LRe5]} 33. Ra8+ $1 Kg7 34. e6 fxe6 $17 ({Much less strong is} 34... Rxc5 35. e7 Re5 36. e8=Q Rxe8 37. Rxe8 $18) 35. Nxe6+ Kf6 36. Ra6 (36. Nf4 $17 {keeps fighting.} Rd1+ 37. Kh2) 36... Ke7 {[#] ...b3 is the strong threat.} ({And not} 36... Rd1+ 37. Kh2) 37. Rb6 $2 (37. Nf4 Rd1+ 38. Kh2) 37... Rd1+ $19 38. Kh2 Nd5 {Weighted Error Value: White=0.38/Black=0.03 (flawless)} 0-1

[Event "81st Georgian-ch Men 2022"]
[Site "Tbilisi"]
[Date "2022.01.28"]
[Round "4.6"]
[White "Kacharava, Nikolozi"]
[Black "Akhvlediani, Irakli"]
[Result "1-0"]
[WhiteElo "2469"]
[BlackElo "2430"]
[Annotator "TA"]
[PlyCount "119"]
[EventDate "2022.01.24"]
[EventType "tourn"]
[EventCountry "GEO"]
[SourceTitle "playchess.com"]
[Source "ChessBase"]
[SourceQuality "1"]

{[%evp 9,119,10,12,4,11,7,3,0,21,11,18,24,31,11,42,33,34,30,43,31,37,41,91,98,102,89,99,99,102,105,106,106,120,120,120,120,120,120,137,137,138,131,166,166,166,166,166,166,191,191,191,166,189,173,235,183,291,214,235,179,202,173,173,173,214,214,308,308,435,451,440,403,456,458,458,458,416,377,458,458,458,458,504,487,750,722,783,754,860,847,783,712,1409,1422,1373,1352,1412,1341,1477,1493,12404,7842,12833,10166,12827,10533,12838,12838,12839,12839,29990,302]} 1. e4 {[%cal Be2e4,Be4e5][%mdl 32]} c6 2. d4 d5 3. e5 Bf5 4. h4 h5 5. Bd3 Bxd3 6. Qxd3 {[%cal Oe5e6] B12: Caro-Kann: Advance Variation.} Qa5+ {is the new trend.} 7. Nd2 {[%cal Oe5e6]} e6 8. c3 {The position is equal.} Qa6 9. Qxa6 Nxa6 10. b4 Ne7 {[#]} 11. Nb3 $146 ({Predecessor:} 11. a4 Ng6 12. Ngf3 Be7 13. g3 f6 14. O-O fxe5 15. dxe5 b6 16. b5 cxb5 17. axb5 {½-½ (42) Brudnak,J (2296)-Johansen,J (2331) ICCF email 2018}) 11... Nf5 12. a4 {[%cal Ba2a4,Ba4a5][%mdl 32]} b6 13. Nf3 Be7 14. Bg5 f6 15. Bf4 Nb8 {[#]} ({Better is} 15... Rg8 $14) 16. a5 $1 $16 {Threatens to win with axb6. White stays focused until the end.} b5 17. Kd2 Kf7 18. Nc1 Nd7 19. Nd3 Rag8 20. Rae1 Nf8 21. Kc2 Ng6 22. Bd2 Re8 23. Re2 Bf8 24. g3 Nh6 25. Rhe1 {White is more active.} f5 26. Ng5+ Kg8 27. f3 Nf7 {[#]} 28. Nh3 $1 {[%cal Bg5h3,Bh3g1,Bg1e2,Be2c1,Bc1d3,Bd3f4][%mdl 32]} Kh7 29. Rh1 Kg8 30. Reh2 Kh7 31. Ng1 Nh6 (31... Kg8 $142 32. Ne2 Nd8) 32. Ne2 Rg8 (32... Kg8 {keeps fighting.} 33. Bg5 Nf7) 33. Nf2 Rh8 34. Rg2 Be7 35. Nh3 Bd8 36. Nc1 Be7 (36... Nf7 {is a better defense.} 37. Nd3 Kg8) 37. Nd3 $18 Bf8 (37... Bd8 $142 38. Be3 Nf7) 38. Bxh6 gxh6 (38... Kxh6 $142 39. Ng5 Be7 40. Nf7+ Kh7 41. Nxh8 Rxh8) 39. Nhf4 Nxf4 40. Nxf4 Rg8 41. Nxh5 {Black must now prevent Nf6+.} Be7 42. Nf4 Bd8 43. Kd3 Rg7 44. Ke3 Kg8 45. g4 fxg4 46. fxg4 Kf7 (46... a6 $142 47. Nh5 Rg6) 47. Nh5 Rg6 48. Rf1+ Kg8 49. Nf6+ Bxf6 50. Rxf6 ({Weaker is} 50. exf6 Kf7 51. g5 e5 $18) 50... Kg7 51. Rxg6+ Kxg6 {[%mdl 4096] Endgame KR-KR} 52. Rf2 Kg7 53. Rf6 Re7 54. h5 a6 55. Kf4 Re8 56. g5 hxg5+ 57. Kxg5 Re7 58. h6+ Kg8 59. Kg6 Re8 60. h7+ $2 {Weighted Error Value: White=0.07 (flawless) /Black=0.38} (60. Rf7 {mates} Kh8 61. Rh7+ Kg8 62. Rc7 Kh8 63. Rxc6 Kg8 64. h7+ Kh8 65. Rxa6) 1-0

[Event "81st Georgian-ch Men 2022"]
[Site "Tbilisi"]
[Date "2022.01.29"]
[Round "5.1"]
[White "Akhvlediani, Irakli"]
[Black "Pantsulaia, Levan"]
[Result "0-1"]
[WhiteElo "2430"]
[BlackElo "2579"]
[Annotator "TA"]
[PlyCount "70"]
[EventDate "2022.01.24"]
[EventType "tourn"]
[EventCountry "GEO"]
[SourceTitle "playchess.com"]
[Source "ChessBase"]
[SourceQuality "1"]

{[%evp 10,70,29,0,55,46,46,52,54,41,152,162,211,202,185,139,191,77,76,66,49,36,41,36,41,-26,-25,-42,-4,0,0,-157,-125,-145,-129,-209,-212,-273,-261,-500,-512,-506,-467,-504,-496,-465,-474,-464,-247,-432,-369,-465,-465,-455,-445,-552,-505,-1104,-1120,-29987,-29988,-29992,-29985]} 1. d4 Nf6 2. c4 d6 3. Nc3 e5 4. d5 Bf5 5. f3 e4 6. g4 {[%cal Bg2g4,Bg4g5][%mdl 32]} Bg6 {A53: Old Indian Defence without Nf3.} (6... Nxg4 $1 $11 7. fxg4 Qh4+ 8. Kd2 e3+ 9. Kxe3 Qg5+ 10. Kf3 Qxg4+ 11. Kf2 Qh4+ 12. Kg2 Qg4+ 13. Kf2 Qh4+ 14. Kg2 Qg4+ 15. Kf2) 7. g5 Nh5 8. fxe4 h6 $1 {[#] White is slightly better.} 9. Qa4+ $146 ({Predecessor:} 9. Nf3 hxg5 10. Bxg5 Be7 11. Qa4+ Kf8 12. Rg1 Nd7 13. Be3 Bf6 14. Rxg6 fxg6 15. Bh3 {0-1 (28) Beckett,C (2132)-Beshukov,S (2423) Helsingor 2014}) 9... Qd7 (9... Nd7 $1 $14) 10. Qb3 $16 c6 (10... Qc8 {is a better defense.} 11. Bh3 Nd7 12. gxh6 gxh6) 11. Bh3 $18 Qc7 {[#]} 12. Nf3 (12. gxh6 $1 $18 Na6 13. Nf3) 12... Nd7 (12... hxg5 $16 13. Bxg5 (13. Nxg5 Nd7 $14) 13... Nf6) 13. Be3 (13. gxh6 $18 {aiming for Be3.} Nc5 14. Qc2) 13... hxg5 $16 14. O-O-O {Black must now prevent dxc6.} Nhf6 {[%csl LRe4,LRh3]} 15. Bf5 {Strongly threatening Bxg6.} Bxf5 16. exf5 g4 17. Nd4 ({White should try} 17. Ng5 $14) 17... Rh3 $11 18. Bf4 Ne4 19. dxc6 bxc6 20. Nxe4 {Black keeps a firm grip on the game.} Rxb3 $17 21. Nxb3 {[%cal Re4d6] Pair of Knights!} Ne5 22. h3 (22. Bxe5 $17 dxe5 23. h3) 22... d5 $19 ({And not} 22... Nxc4 23. Rd4 Ne5 24. hxg4 $17) 23. Nf2 dxc4 24. Nd4 (24. Nd2 Qa5 25. Nde4) 24... Rb8 {[%cal Oc7b6] And now ...Qb6! would win.} 25. hxg4 {[#]} Qb6 {[%csl Gb8][%cal Rb6b2]} 26. b3 {[#]} cxb3 $1 27. axb3 f6 {[%cal Bf7f6,Bf6g5][%mdl 32]} 28. Rh3 Kf7 $40 {[%mdl 128] Black is out for blood.} (28... Qc5+ $142 29. Kb2 a5) 29. g5 $2 {[#]} (29. Nd3 {was the only defense.} Qa5 30. Nc2) 29... fxg5 $1 30. Bxe5 (30. Bh2 Rd8) 30... Qc5+ 31. Kb1 Qxe5 32. Nxc6 Qxf5+ 33. e4 (33. Kb2 $142 Re8 34. Nd4) 33... Qxf2 34. Nxb8 Ba3 {[%csl Ga3][%cal Rf2b2]} 35. Rd7+ Kg6 {Weighted Error Value: White=0.78/Black=0.20 (precise)} 0-1

[Event "81st Georgian-ch Men 2022"]
[Site "Tbilisi"]
[Date "2022.01.29"]
[Round "5.2"]
[White "Quparadze, Giga"]
[Black "Kacharava, Nikolozi"]
[Result "1-0"]
[WhiteElo "2477"]
[BlackElo "2469"]
[Annotator "TA"]
[PlyCount "155"]
[EventDate "2022.01.24"]
[EventType "tourn"]
[EventCountry "GEO"]
[SourceTitle "playchess.com"]
[Source "ChessBase"]
[SourceQuality "1"]

{[%evp 20,155,15,12,12,6,10,2,26,29,8,11,6,4,13,8,18,15,15,6,27,4,13,10,44,30,48,59,66,60,66,70,76,68,66,63,81,81,90,84,77,76,84,84,68,63,172,115,115,101,96,89,112,112,147,147,147,147,147,133,126,126,229,221,214,213,456,453,398,316,316,181,636,629,619,619,619,619,615,615,439,186,619,619,583,575,4928,3713,29965,29966,29965,29967,29959,12850,29967,29966,29968,29969,29970,29971,29971,29972,29972,29973,29973,29974,29975,29976,29976,29977,29977,29978,29979,29977,29978,29979,29979,29980,29980,29979,29980,29981,29981,29982,29982,29983,29984,29985,29986,29987,29987,29988,29988,29989,29989,29990,29990,29991]} 1. e4 e5 2. Nf3 Nf6 3. Nxe5 d6 4. Nf3 Nxe4 5. d4 d5 6. Bd3 Bd6 7. O-O O-O 8. Re1 Bf5 9. c4 c6 10. Nc3 Nxc3 11. bxc3 Bxd3 {C42: Petroff Defence: 3 Nxe5 and unusual White 3rd moves.} 12. Qxd3 {next Ng5 is good for White.} dxc4 13. Qxc4 b5 {The position is equal.} 14. Qb3 Nd7 {[#]} 15. Bg5 $146 ({Predecessor:} 15. a4 a6 16. c4 bxc4 17. Qxc4 Qc7 18. Bd2 Rfe8 19. Rac1 Nf6 20. Ne5 c5 21. Qd3 {½-½ (29) Antoniewski,R (2509)-Koziak,V (2483) Opole 2006}) 15... Qc7 16. a4 a6 17. c4 bxc4 18. Qxc4 Nb6 19. Qc2 Nd5 20. Bh4 Rfe8 21. Bg3 Bxg3 22. hxg3 f6 23. Rac1 Rxe1+ 24. Nxe1 Re8 25. Nd3 $40 {[%mdl 128] White mounts an attack.} a5 26. Qxc6 Qxc6 27. Rxc6 Nb4 28. Nxb4 $16 {[%mdl 4096] Endgame KRN-KR} Re1+ 29. Kh2 axb4 {KR-KR} 30. Rb6 Rb1 31. d5 Kf8 32. Rb7 Rd1 (32... g6 $14) 33. Rxb4 ({Better is} 33. a5 $18 {aiming for a6.} Ra1 34. d6 (34. Rxb4 Rxa5 35. Rb8+ Ke7 $14)) 33... Rxd5 34. Rb2 Ra5 35. Ra2 Ke7 36. g4 h5 37. gxh5 Rxh5+ 38. Kg3 {And now a5 would win.} Ra5 39. Kf4 Kd6 40. Ke4 g5 (40... Kc6 $16) 41. Kd4 Kd7 42. g3 Kd6 $2 (42... Kc7 43. Kc3 Rc5+ 44. Kd3 Rf5) 43. Kc4 $18 Kc6 44. Kb4 Kb6 45. f3 (45. Ra3 $142) 45... Rf5 $2 (45... Re5 46. Rc2 Rd5) 46. Ra3 Ra5 47. Re3 {Intending Re6+ and mate.} Rf5 48. a5+ Ka6 49. Ra3 ({Not} 49. Re6+ Ka7 $16) 49... Re5 50. Kc4 $1 f5 $2 (50... Rf5 51. Kd4 Rb5) 51. Kd4 $1 Re8 {[#]} 52. Rc3 $1 f4 53. g4 Kxa5 54. Rc5+ Kb6 55. Rxg5 Re3 56. Rf5 ({Less strong is} 56. Rg6+ Kc7 $16) (56. Re5 $142 Rxf3 57. Ke4 Rf1 58. Rf5 Rg1 59. Rxf4 Kc5 60. Kf5 Kd6 61. Kf6) 56... Rxf3 57. Ke4 {White mates.} Rf1 58. Rxf4 Rg1 59. Kf5 Kc6 60. g5 {[%cal Bg4g5,Bg5g6,Bg6g7][%mdl 32]} Kd7 61. Re4 Rf1+ 62. Kg6 Rg1 63. Kf6 Rf1+ {[#]} 64. Kg7 $1 Kd6 65. g6 Kd5 66. Re2 Kd6 67. Kg8 Rg1 68. g7 Rh1 69. Re8 Rh2 70. Re4 Rh1 71. Kf7 Rf1+ 72. Kg6 Rg1+ 73. Kf6 Rg2 74. Re6+ Kd7 75. Re5 Rf2+ 76. Rf5 Rg2 77. Rg5 Rf2+ 78. Kg6 {Weighted Error Value: White=0.07 (flawless) /Black=0.56} 1-0

[Event "81st Georgian-ch Men 2022"]
[Site "Tbilisi"]
[Date "2022.01.29"]
[Round "5.3"]
[White "Sanikidze, Tornike"]
[Black "Chkhaidze, Nikoloz"]
[Result "0-1"]
[WhiteElo "2464"]
[BlackElo "2268"]
[Annotator "TA"]
[PlyCount "78"]
[EventDate "2022.01.24"]
[EventType "tourn"]
[EventCountry "GEO"]
[SourceTitle "playchess.com"]
[Source "ChessBase"]
[SourceQuality "1"]

{[%evp 26,78,0,0,0,-7,0,0,0,0,0,19,2,4,78,64,97,76,65,75,119,27,26,-26,2,11,64,31,85,61,39,36,60,43,57,-6,-9,-7,0,-241,-237,-352,-350,-359,-228,-224,-210,-445,-374,-375,0,-2256,-2082,-1998,-1267]} 1. d4 Nf6 2. c4 e6 3. Nf3 b6 4. a3 Bb7 5. Nc3 d5 6. cxd5 Nxd5 7. e3 Nxc3 8. bxc3 Be7 9. Bb5+ c6 10. Bd3 O-O 11. O-O c5 12. e4 Nc6 13. Be3 cxd4 14. cxd4 {[#]} h6 $146 {E12: Queen's Indian: Unusual White 4th moves, 4 a3, 4 Nc3 Bb7 5 a3 and 4 Nc3 Bb7 .} ({Predecessor:} 14... Rc8 15. Qe2 Na5 16. a4 Nc6 17. Ba6 Bxa6 18. Qxa6 Nb4 19. Qxa7 Ra8 20. Qb7 Rb8 21. Qa7 Ra8 22. Qb7 Rb8 {½-½ (22) Bu,X (2699)-Salem,A (2561) Sharjah 2014}) 15. Re1 Rc8 16. Bb1 Ba6 {The position is equal.} 17. e5 {[%cal Oe3h6]} Na5 $1 18. Nd2 Bb7 19. Qg4 $40 {[%mdl 128] aiming for Bxh6. White mounts an attack.} Bg5 (19... Kh8 $1 $11) 20. f4 $1 $16 Bh4 {[#]} 21. f5 $1 exf5 (21... Bxe1 $2 22. f6 g5 23. Bxg5 $1 $18 {[%mdl 512]}) 22. Bxf5 {Bxh6 is the strong threat.} (22. Qxf5 g6 23. Qf1 Bxe1 24. Qxe1 f5 $17) 22... Kh8 (22... Bxe1 $2 23. Bxh6 Bf2+ 24. Kxf2 $18) (22... Rc6 $142) 23. g3 ({Better is} 23. Rec1 $1 $16 Rxc1+ 24. Rxc1) 23... Be7 $11 24. Qh5 (24. Qh3 $142 Rc6 25. Be4) 24... Rc6 ({But not} 24... Qd5 25. Be4 Qe6 26. Bxb7 Nxb7 27. Qf3 $14) 25. Rad1 Kg8 (25... Rg6 $1 $11) 26. Be4 $1 $14 {Hoping for d5.} Rg6 27. Bxb7 ({Of course not} 27. Bxg6 $6 fxg6 28. Qxg6 Qd5 $11) 27... Nxb7 28. Qf3 {Prevents Qd5.} Na5 29. d5 Bxa3 30. Ne4 (30. Kg2 $14) 30... Nc4 $11 31. Bd4 b5 (31... Qxd5 $2 32. Nf6+ $1 {[%mdl 512]} gxf6 33. Qxd5 $18) 32. Qf5 $2 (32. Re2 $11 {and White has nothing to worry.}) 32... Qxd5 $19 33. Nc3 (33. Bxa7 {is a better defense.} Qxe5 34. Qxe5 Nxe5 35. Re3) 33... Qc6 34. e6 Rxe6 35. Rxe6 fxe6 {Dancing on a razor blade.} ({Weaker is} 35... Qxe6 36. Qxe6 fxe6 37. Nxb5) 36. Qg6 (36. Qxb5 Qc8 37. Ne4) 36... Rf7 37. Ne4 {[%cal Od4g7] Strongly threatening Bxg7!} Be7 $2 (37... Nd6 $19 38. Nf2 e5 39. Bxe5 {[#]} Bc5 $1) 38. Nf6+ {[%mdl 8192]} Bxf6 39. Bxf6 Rxf6 {Weighted Error Value: White=0.60/Black=0.38} 0-1

[Event "81st Georgian-ch Men 2022"]
[Site "Tbilisi"]
[Date "2022.01.29"]
[Round "5.4"]
[White "Mchedlishvili, Mikheil"]
[Black "Lortkipanidze, Nodar"]
[Result "1/2-1/2"]
[WhiteElo "2587"]
[BlackElo "2407"]
[Annotator "TA"]
[PlyCount "116"]
[EventDate "2022.01.24"]
[EventType "tourn"]
[EventCountry "GEO"]
[SourceTitle "playchess.com"]
[Source "ChessBase"]
[SourceQuality "1"]

{[%evp 13,116,30,27,45,42,41,38,33,60,54,66,60,63,55,51,49,96,83,77,105,106,113,113,106,106,113,100,109,143,143,135,134,134,139,141,140,159,156,204,149,166,158,164,143,211,210,214,212,224,217,224,230,239,235,400,192,157,8,8,8,8,8,8,0,0,0,0,0,0,0,0,0,0,0,376,376,1225,1156,985,908,517,8,200,8,8,8,8,0,442,8,8,8,8,0,0,0,0,0,0,0,0,0,0,0,8]} 1. d4 d5 2. Nf3 Nf6 {[%cal Bg8f6,Bf6e4,Be4c3][%mdl 32]} 3. c4 dxc4 4. Nc3 c5 5. d5 e6 6. e4 exd5 7. e5 Ne4 8. Qxd5 {D24: Queen's Gambit Accepted: 3 Nf3 Nf6 4 Nc3.} Nxc3 9. Qxd8+ Kxd8 10. bxc3 {White is slightly better.} Be6 11. Ng5 $1 Nd7 {[%cal Bb8d7,Bd7b6,Bb6d5][%mdl 32]} 12. Nxe6+ fxe6 13. f4 (13. Bxc4 Nxe5 14. Bxe6 Nd3+ 15. Ke2 Nxc1+ 16. Raxc1 (16. Rhxc1 Kc7 $11) 16... Kc7 $11) 13... Nb6 {[%cal Og7g5]} 14. a4 {[%cal Ba2a4,Ba4a5][%mdl 32] [#]} Kc7 $146 (14... a5 $1 $14 {was preferrable.}) ({Predecessor:} 14... a5 15. Be2 Kc7 16. O-O g6 17. Bg4 Re8 18. Bd2 {½-½ (18) Krizsany,L (2440)-Kiss,P (2455) Aggtelek 1995}) 15. a5 $16 Nd5 {[%cal Og7g5]} 16. Bxc4 {[%cal Of4f5]} Be7 17. Bd2 $1 Rhf8 18. Rf1 Rad8 19. Ke2 h6 20. g4 {[%cal Bg2g4,Bg4g5,Bg5g6][%mdl 32]} h5 21. g5 (21. gxh5 Rf5 $16) 21... Rf7 22. Bd3 Rdf8 {[%cal Rd5f4]} 23. f5 Rxf5 24. Bxf5 exf5 25. g6 Kc6 (25... Kd7 $16 26. Rab1 b6) 26. Rf3 c4 27. Raf1 f4 28. Bxf4 Rf5 (28... Re8 $16 {was worth a try.}) 29. Kd1 $1 $18 h4 30. Bd2 Rxe5 31. Re1 Rxe1+ 32. Bxe1 {[%mdl 4096] Endgame KRB-KBN} Bf6 33. Kc2 {Threatens to win with Bf2.} b5 $2 (33... Ne7 {keeps fighting.} 34. Bf2 Be5) 34. Rh3 (34. Bf2 $142) 34... Nf4 35. Bxh4 Nxh3 $11 36. Bxf6 $16 {KB-KN} Nf4 (36... gxf6 $2 37. g7 Nf4 38. g8=Q $18) 37. Bxg7 {Black must now prevent h4.} Nxg6 38. Bf6 a6 39. h4 {h5 is the strong threat.} Nf4 40. Bg5 Nh5 41. Kd2 Kd5 42. Ke3 Ng3 43. Bf6 Ne4 $2 {[%mdl 8192] [#]} (43... Ke6 $11 {and Black has nothing to worry.} 44. Bd8 Kf5) 44. Bh8 $1 $18 Nd6 $2 (44... Ng3 45. Kf4 Ne2+ 46. Kf5 Ng3+ 47. Kg4 Ne4) 45. h5 {[%cal Bh4h5,Bh5h6][%mdl 32]} Ke6 46. Kf4 {aiming for h6.} Kf7 47. Bd4 $2 (47. Be5 $18 Nc8 48. Ke4) 47... Nc8 (47... Ne8 $1 $11 48. h6 Kg6) 48. Kg5 $2 (48. h6 $18 {Threatening mate with h7.} Kg6 49. Bc5) 48... Ne7 $1 $11 49. h6 {White threatens h7 and mate.} Kg8 50. Kf6 Nd5+ {[%mdl 8192] [#]} (50... Nc6 $11 {and Black stays safe.} 51. Be3 Kh7) 51. Ke6 $2 ({Only move:} 51. Ke5 $1 $18 {[%cal Re5d5]} Ne7 52. Bb6) 51... b4 $1 {The position is equal.} 52. cxb4 ({Wrong is} 52. Kxd5 $2 b3 53. Kxc4 b2 $19) 52... Nxb4 53. Kd6 Na2 $1 54. Kc5 {Hoping for Kb6.} c3 55. Bxc3 Nxc3 56. Kb6 Nd5+ 57. Kxa6 Nb4+ 58. Kb5 Nd5 {Weighted Error Value: White=0.47/Black=0.46} 1/2-1/2

[Event "81st Georgian-ch Men 2022"]
[Site "Tbilisi"]
[Date "2022.01.29"]
[Round "5.5"]
[White "Tutisani, Noe"]
[Black "Gagunashvili, Merab"]
[Result "1/2-1/2"]
[WhiteElo "2419"]
[BlackElo "2573"]
[Annotator "TA"]
[PlyCount "61"]
[EventDate "2022.01.24"]
[EventType "tourn"]
[EventCountry "GEO"]
[SourceTitle "playchess.com"]
[Source "ChessBase"]
[SourceQuality "1"]

{[%evp 17,61,0,0,0,27,0,0,0,0,0,7,16,14,22,17,22,37,17,18,13,14,0,9,11,20,10,22,8,10,9,9,10,4,4,6,0,25,10,11,0,0,0,10,0,0,0]} 1. e4 e5 2. Nf3 Nc6 3. Bc4 Bc5 4. c3 Nf6 {[%cal Bg8f6,Bf6e4,Be4c3][%mdl 32]} 5. d4 exd4 6. e5 d5 7. Bb5 Ne4 8. cxd4 Bb6 9. Nc3 O-O 10. Be3 $1 {C54: Giuoco Piano: 4 c3 Nf6, main lines with 5 d4 and 5 d3.} f6 11. exf6 Nxc3 12. f7+ Rxf7 13. bxc3 Bg4 14. Be2 $1 {[%cal Bb5e2,Be2f3,Bf3g4,Bg4f5][%mdl 32] [#]} Bxf3 $146 ({Predecessor:} 14... Rf8 15. O-O Qf6 16. h3 Bh5 17. Nh2 Bxe2 18. Qxe2 Rae8 19. Qd3 Qf5 20. Qxf5 Rxf5 21. Nf3 h6 22. Rfe1 Ba5 23. Bd2 {½-½ (23) Hilwerda,J (2230)-Marszalek,M (2314) Marianske Lazne 2020}) 15. Bxf3 Ne7 16. O-O c6 17. Bg4 {[#] Be6 is the strong threat.} Nf5 18. Qd3 Nxe3 19. fxe3 {aiming for Be6.} Rxf1+ 20. Rxf1 {Black should prevent Be6+.} Qe7 {To avoid Be6+} 21. Bf5 h6 22. e4 dxe4 $1 23. Bxe4 Rf8 24. Qc4+ Kh8 {[#] Threatens to win with ...Rxf1+.} 25. Rxf8+ Qxf8 26. Qe6 Bd8 27. Qg6 {[%csl Ge4][%cal Rg6h7]} Kg8 {The position is equal.} 28. Bc2 Qe7 {[%cal Re7e1]} 29. Bb3+ Kh8 {[%cal Re7e1]} 30. Qe6 {Prevents Qe1+.} Qxe6 31. Bxe6 {A balanced but interesting game.  Weighted Error Value: White=0.05 (flawless) /Black=0.04 (flawless)} 1/2-1/2